新世紀エヴァンゲリオン使徒 - Statistics

General Stats
  • This quiz has been taken 24 times
  • The average score is 11 of 18
Answer Stats
Hint Answer % Correct
第五使徒 ラミエル
100%
第一使徒 アダム
82%
第二使徒 リリス
82%
第三使徒 サキエル
76%
第四使徒 シャムシエル
76%
第十八使徒 リリン
71%
第七使徒 イスラフェル
65%
第十四使徒 ゼルエル
65%
第十六使徒 アルミサエル
53%
第六使徒 ガギエル
47%
第八使徒 サンダルフォン
47%
第十使徒 サハクィエル
47%
第十一使徒 イロウル
47%
第九使徒 マトリエル
41%
第十二使徒 レリエル
41%
第十三使徒 バルディエル
41%
第十五使徒 アラエル
41%
第十七使徒 タブリス
35%
No matching quizzes found
Score Distribution
Percent of People with Each Score
Percentile by Number Answered
Your Score History
You have not taken this quiz